00452 a2200145 4500001000700000020001800007040002200025041001600047082002400063100003100087245013300118250001100251260003100262362001300293137398 a9788502173873 cLeonardo Da Vinci aPortuguês a344.01 N193cbN193c aNASCIMENTO, Amauri Mascaro aCurso de direito do trabalhobhistória e teoria geral do direito do trabalho, relações individuais e coletivas do trabalho a27. ed bSaraivac2012aSão Paulo a20120000